000 00288nam a2200121Ia 4500
008 220216s9999 xx 000 0 und d
100 _aSandison S
245 4 _aThe maintenance of young rubber. Part II
260 _bPlanter
_c1954
300 _a592-595
650 _aRubber
942 _cJS
999 _c70826
_d70826